El regalo de Gabriel /

Salvato in:
Dettagli Bibliografici
Autore principale: Kureishi, Hanif (autor)
Natura: Libro
Lingua:spagnolo
Pubblicazione: Barcelona, España : Anagrama, 2002, c2002
Serie:(Panorama de Narrativas ; 524)
Soggetti:
Tags: Aggiungi Tag
Nessun Tag, puoi essere il primo ad aggiungerne!!

MARC

LEADER 00000nam^a2200000^a^4500
001 000309735
005 20250521000000.0
009 20260310112956.466
020 |a 84-339-6984-6 
037 |a Acervo ITESO - Biblioteca 
041 |a ESP 
082 |a 823.  |b KUR 
100 |a Kureishi, Hanif  |e (autor) 
245 1 3 |a El regalo de Gabriel /  |c H. Kureishi ; tr. por Mauricio Bach. 
264 4 |a Barcelona, España :  |b Anagrama,  |c 2002, c2002 
300 |a 254 p. 
336 |a texto  |b txt  |2 rdacontenido 
337 |a sin mediación  |b n  |2 rdamedio 
338 |a volumen  |b nc  |2 rdasoporte 
440 1 |a (Panorama de Narrativas ;  |v 524) 
500 |a Traducción de: Gabriel's Gift 
649 |a XX 
650 |a Adolescentes en la Literatura 
650 |a Hombres en la Literatura 
650 |a Novela Inglesa 
650 |a Música y Literatura 
650 |a Literatura Inglesa -  |y Siglo XXI 
650 |a Paternidad 
650 |a Relaciones Padres-Hijos 
650 |a Londres, Inglaterra en la Literatura 
910 |a Fondo General 
920 |a Impresos - Libros 
930 |a Colección General 
940 |a Literatura 
905 |a 101 
901 |a 0500196087  |b IT1  |c LIT  |i C127819  |u 20250521 
902 |a https://opac.biblio.iteso.mx/vufind/Record/000309735